000 00554nam a2200205Ia 4500
001 9625
003 GE_BSU
008 181216s||||||||xx |||||||||||||| ||und||
040 _cGE_BSU
080 _a821.353.1-11
100 _aმჭედლიშვილი,იოსებ
245 _aპოემები
245 _cრედ:ი.ლისაშვილი
260 _aთბილისი.
260 _bფედერაცია
260 _c1940
300 _a98გვ;17სმ.
653 _aპოემები
942 _cBK
999 _c42909
_d42909